000 00374nam a22001457a 4500
003 OSt
005 20160727222456.0
008 160705b xxu||||| |||| 00| 0 eng d
040 _cTEST
100 _92167
_a Guha, T
245 _aKaleidoscope: 34 Short Stories
260 _aN.D
_b Children Books Trust
_c2004
300 _aKaleidoscope: 34 Short Stories
942 _2ddc
_cBK
999 _c1859
_d1859